| 000 | 00542nam a2200205Ia 4500 | ||
|---|---|---|---|
| 003 | OSt | ||
| 005 | 20230608114538.0 | ||
| 008 | 210423s2003 xx 000 0 und d | ||
| 040 | _cAL | ||
| 041 | _aeng | ||
| 082 |
_a305.5 _223 _bSENP |
||
| 100 |
_aSEN (R K) _9122555 |
||
| 245 | _aProblems of child labour in india | ||
| 260 |
_aNew Delhi _bDeep and deep publication _c2003 |
||
| 365 |
_b550 _cINR |
||
| 650 |
_aSocial Classes _9122556 |
||
| 650 |
_aSociology _9122557 |
||
| 906 | _achild ; india ; labour ; Problems | ||
| 942 |
_2ddc _cBK |
||
| 999 |
_c175287 _d175287 |
||